01055 2200373 4500001002100000005001500021035002000036007000300056040001700059100003100076245008400107250001600191300003900207020002200246041000800268082000800276084001400284090001800298264003500316336002100351337003000372338002300402650002700425850001000452008004100462500002900503504002900532990001800561990002400579990001800603990001800621990001800639990002400657INLIS00000000000464920260524080401 a0010-0122000281ta aSBPUPADbind0 aDadang SupardanePengarang1 aPengantar Ilmu Sosial :bSebuah Kajian Pendekatan Struktural /cDadang Supardan aEd 1, Cet 4 axviii, 654 hlm. :billus. ;c23 cm a978-979-010-308-5 aind a300 a300 DAD p a300 DAD p 6-4 aJakarta :bBumi Aksara,c20013 2rdacontentaTeks 2rdamediaaTanpa Perantara 2rdacarrieraVolume 4aPendidikan:Ilmu Sosial aPUPAD260524 0  aTentang Penulis, hlm 653 abibliografi, hlm 597-650 a14406/BR-2014 a8281/ARPUS/PDG/2008 a14407/BR/2014 a14409/BR/2014 a14409/BR/2014 a8279/ARPUS/PDG/2008